Countries Closest to Guyana - Sudden Death - Statistics

General Stats
  • This quiz has been taken 16 times
  • The average score is 5 of 15
Answers on the Grid
Answers color-coded by a green-red scale on the quiz's grid according to % correct below.
Brazil
Venezuela
Suriname
Trinidad and Tobago
Grenada
Saint Vincent and the Grenadines
Barbados
Saint Lucia
Dominica
Antigua and Barbuda
Saint Vincent and the Grenadines
Colombia
Peru
Dominican Republic
Bolivia
Haiti
Panama
Costa Rica
Honduras
Guatemala
Belize
El Salvador
Mexico
Cuba
Haiti
United States
Ecuador
Paraguay
Chile
Argentina
 
Answer Stats
Answer % Correct
Brazil
67%
Suriname
60%
Trinidad and Tobago
53%
Venezuela
53%
Saint Vincent and the Grenadines
47%
Barbados
40%
Colombia
40%
Saint Lucia
33%
Dominican Republic
27%
Grenada
27%
Antigua and Barbuda
20%
Bolivia
20%
Dominica
20%
Peru
13%
Saint Vincent and the Grenadines
13%
No matching quizzes found
Score Distribution
Percent of People with Each Score
Percentile by Number Answered
Your Score History
You have not taken this quiz